الجانب الإلهي من التفكير الاسلامي / (Record no. 6986)
[ view plain ]
| 000 -LEADER | |
|---|---|
| fixed length control field | 00518nac a22001571u 4500 |
| 008 - FIXED-LENGTH DATA ELEMENTS--GENERAL INFORMATION | |
| fixed length control field | 080902s1962 ua|||||r||| 000 0 ra d |
| 082 ## - DEWEY DECIMAL CLASSIFICATION NUMBER | |
| Classification number | 189 |
| Item number | ب ه ي |
| Edition number | 22 |
| 245 ## - TITLE STATEMENT | |
| Title | الجانب الإلهي من التفكير الاسلامي / |
| Statement of responsibility, etc | محمد البهي |
| 250 ## - EDITION STATEMENT | |
| Edition statement | ط3 |
| 260 ## - PUBLICATION, DISTRIBUTION, ETC. (IMPRINT) | |
| Place of publication, distribution, etc | القاهرة : |
| Name of publisher, distributor, etc | مكتبة وهبة ، |
| Date of publication, distribution, etc | [1962] |
| 300 ## - PHYSICAL DESCRIPTION | |
| Extent | ص ؛480 |
| Dimensions | 24 سم |
| 500 ## - GENERAL NOTE | |
| General note | Arabic Books |
| 511 ## - PARTICIPANT OR PERFORMER NOTE | |
| Participant or performer note | Catalogued by: Sara |
| 541 ## - IMMEDIATE SOURCE OF ACQUISITION NOTE | |
| Source of acquisition | ألف باء ؛ |
| 942 ## - ADDED ENTRY ELEMENTS (KOHA) | |
| Item type | Book - Borrowing |
| Call number prefix | 189 ب ه ي |
| Source of classification or shelving scheme | Dewey Decimal Classification |
| Withdrawn status | Item status | Source of classification or shelving scheme | Damaged status | Not for loan | Vendor | Home library | Current library | Shelving location | Date acquired | Source of acquisition | Total Checkouts | Full call number | Barcode | Date last seen | Koha item type |
|---|---|---|---|---|---|---|---|---|---|---|---|---|---|---|---|
| Dewey Decimal Classification | Alef-Baa | Central Library | Central Library | Lower Floor | 07/12/2011 | 189 الب | 000008582 | 15/07/2025 | Book - Borrowing |